000 005790000a22001210004500
100 1 _aGaray, Juan Carlos
245 1 0 _aEl rockero se nos puso triste : Nuevo disco de Sting
300 _aVol.0, núm.13 (Octubre, 2006), Página 40
500 _aCrítico musical de Semana.
520 _aEl cantante británico se lanza al ruedo con un disco que recupera la figura del compositor renacentista John Dowland. ¿Logrará resonancia un disco de canciones tristes en estos tiempos en los que sólo la alegría vende?
773 0 _tArcadia / Andrés Felipe Solano, Editor
942 _cANA
999 _c61842
_d61842